000 00466nam a22001817a 4500
003 CEME
005 20210628204049.0
008 210104b xxu||||| |||| 00| 0 eng d
020 _a969352232X
040 _c.
082 _a923.4 CHA
100 _aChughatai, Muhammad Ikram
_968539
245 _aHazrat mujaddid alifsani
260 _aLAHORE
_bSANG-E-MEEL PUB
_c2009
300 _a932P
650 _aBIOGRAPHY-HAZRAT MUJADDID ALIFSANI
_968540
942 _cBK
_2ddc
999 _c576089
_d576089